000 006460000a22001810004500
003 MACL
005 20160607161550.0
008 160607b xxu||||| |||| 00| 0 eng d
040 _aMACL
_cMACL
041 _aHindi
082 _a920
100 _aनैमिशराय, मोहनदास
_962822
245 _aस्‍वतंत्रता संग्राम के दलित क्रांतिकारी
_cमोहनदास नैमिशराय
260 _bनीलकंठ प्रकाशन
_c2005
_aदिल्‍ली
350 _a150
650 _aBiography
_962823
942 _cHIN
_k920/NAI
_2ddc
999 _c10154
_d10154